000
00288nam a22001217a 4500
008
180227b xxu||||| |||| 00| 0 eng d
041
_a
eng
080
_a
612.39
100
_a
10
101
_a
SHU
245
_a
Pocket Companion to Small Animal Clinical Nutrition
_c
Hand
942
_2
udc
_c
BK
999
_c
43531
_d
43531